| 000 | 00470nam a2200133 a 4500 | ||
|---|---|---|---|
| 008 | 120416s1970 ||||||||||||||||| || u | ||
| 050 | _aQA 453 Byr | ||
| 100 | _aByrne, J. Richard | ||
| 245 | 1 | 0 | _aModern elementary geometry |
| 260 |
_aNew York _bMcGraw-Hill _c1970 |
||
| 300 | _axv,344p. : ill. | ||
| 350 | _a0.00 | ||
| 995 |
_D0.00 _FCBU-MAIN LIBRARY (Kitwe) _H1 _I4.80 _M1 _UAVAILABLE _ZMain Library Open Access Collection |
||
| 999 |
_c51454 _d51454 |
||